000 00466nam a2200181Ia 4500
008 180921t1976 xxu||||| |||| 00| 0 sin d
041 _asin
080 _a(x)634.616
_bDES
100 _aDe Silva, Sumith
245 _aසිරිලක කප් රුක
246 _aSiri laka kap ruka
260 _bGovernment press
_c1976
300 _a36p., ill., 27 cm
650 _aCoconut
942 _cBK
999 _c16113
_d16113
003 LK-CoDNM
040 _aLK-CoDNM
_dLK-CoDNM
_eLK-CoDNM